| 000 | 00539nam a22001577a 4500 | ||
|---|---|---|---|
| 999 |
_c8032 _d8033 |
||
| 008 | 190704b ||||| |||| 00| 0 eng d | ||
| 020 | _a9780141187129 | ||
| 082 | _a306 S69i 1991 | ||
| 100 | _aSontag, Susan | ||
| 245 | _a Illness as metaphor and; AIDS and its metaphors | ||
| 260 |
_aLondon : _bPenguin, _c 1991. |
||
| 300 |
_a180 p. ; _c20 cm. |
||
| 500 | _aCollection subset: Social Welfare | ||
| 650 | _aAIDS (Disease) -- Social aspects; Metaphor; Tuberculosis in literature; Cancer in literature; Humans Diseases; | ||
| 942 | _2ddc | ||